000 00415cam a22001337a 4500
008 180718b1972 xxu||||| |||| 00| 0 eng d
082 _aA99 Up1/R137d
245 _aPandit Deendayal Upadhyaya: a profile
_cedited by Sudhakar Raje
260 _aNew Delhi
_bDeendayal Research Institute
_c1972
300 _a212p.
650 _aUpadhyaya, Deendayal
700 _aDeendayal Research Institute
700 _aRaje, Sudhakar
999 _c478224
_d478224